Managing Cash Flow: An Operational Focus (Record no. 5696)

MARC details
005 - DATE AND TIME OF LATEST TRANSACTION
control field 20250627144457.0
020 ## - INTERNATIONAL STANDARD BOOK NUMBER
International Standard Book Number 9780471228097
082 ## - DEWEY DECIMAL CLASSIFICATION NUMBER
Classification number 658.152 REI
100 ## - MAIN ENTRY--PERSONAL NAME
Author name REIDER,R.
245 ## - TITLE STATEMENT
Title Managing Cash Flow: An Operational Focus
260 ## - PUBLICATION, DISTRIBUTION, ETC.
Place of publication, distribution, etc. New Jersey,
Name of publisher, distributor, etc. John Wiley & Sons,Inc.,
Date of publication, distribution, etc. 2003.
300 ## - PHYSICAL DESCRIPTION
Extent viii,352p.:ill.;tables
Other physical details Index
Dimensions 26cm
700 ## - ADDED ENTRY--PERSONAL NAME
Other authors/Editors Heyler,Peter B.
942 ## - ADDED ENTRY ELEMENTS (KOHA)
Source of classification or shelving scheme Dewey Decimal Classification
Koha item type Books
Holdings
Date last seen Total checkouts Barcode Cost, replacement price Price effective from Koha item type Lost status Source of classification or shelving scheme Damaged status Not for loan Withdrawn status Home library Current library Shelving location Date acquired Source of acquisition Cost, normal purchase price
06/27/2025   MZA0002597 150000.00 06/27/2025 Books   Dewey Decimal Classification       CBE Mwanza CBE Mwanza General Collection 07/16/2007 Library Budget 50000.00
06/27/2025   MZA0002598 150000.00 06/27/2025 Books   Dewey Decimal Classification       CBE Mwanza CBE Mwanza General Collection 07/16/2007 Library Budget 50000.00